000 00684nas a2200253 4500
001 BR8806665
003 BR-BrBNA
005 20231205091339.0
007 ta
008 230509b bl.|||p| |||| 00| 00por d
040 _aBR-BrBNA
_bpor
_cBiblioteca Nacional de Agricultura
041 _a(Pt)
072 _aN10; L02
100 1 _aRocha, R.R.
245 1 _aCurral de engorda para bovinos
650 _aINSTALACAO PARA ANIMAL
650 _aCURRAL
650 _aCOMEDOURO
650 _aENGORDA
650 _aBOVINO
773 0 _tLavoura (Brazil)
_xISSN 0023-9135
_g(Jul-Aug 1986), v. 88 p. 32-33
_wBR8806665
909 _a202311
_bLúcia
_c55
_dLúcia Elande
942 _2AGRIS
_n0
_cANA
999 _c124487
_d124487